书目信息 |
| 题名: |
“窑变”与钧瓷意境探微
|
|
| 作者: | 乔秀强 著 | |
| 分册: | ||
| 出版信息: | 沈阳 辽宁大学出版社 2019.03 |
|
| 页数: | 209页 | |
| 开本: | 24cm | |
| 丛书名: | ||
| 单 册: | ||
| 中图分类: | TQ174.6 , K876.34 | |
| 科图分类: | ||
| 主题词: | 钧窑--jun yao--瓷器--烧成工艺--研究 | |
| 电子资源: | ||
| ISBN: | 978-7-5610-9184-5 | |
| 000 | 00970nam0 2200265 450 | |
| 001 | 202019134049 | |
| 005 | 20191002113833.0 | |
| 010 | @a978-7-5610-9184-5@dCNY48.00 | |
| 100 | @a20190928d2019 em y0chiy50 ea | |
| 101 | 0 | @achi |
| 102 | @aCN@b210000 | |
| 105 | @ay a 000yy | |
| 106 | @ar | |
| 200 | 1 | @a“窑变”与钧瓷意境探微@A“ yao bian ” yu jun ci yi jing tan wei@f乔秀强著 |
| 210 | @a沈阳@c辽宁大学出版社@d2019.03 | |
| 215 | @a209页@d24cm | |
| 314 | @a乔秀强, 北京大学经济学硕士。 | |
| 320 | @a有书目 | |
| 330 | @a本书挖掘了钧瓷的渊源, 梳理了钧瓷的流变, 分析了钧瓷釉与乳光、窑变及结构色, 阐释了钧瓷窑变的文化内涵和意义, 研究了钧瓷窑变的艺术特征与影响因素, 提炼了窑变产生的抽象意味, 研究了窑变的美学追求, 通过窑变釉瓷分析了钧瓷的特色。 | |
| 606 | 0 | @a钧窑@Ajun yao@x瓷器@x烧成工艺@x研究 |
| 690 | @aTQ174.6@v5 | |
| 690 | @aK876.34@v5 | |
| 701 | 0 | @a乔秀强@Aqiao xiu qiang@4著 |
| 801 | 0 | @aCN@c20190905 |
| 905 | @a河南城建学院图书馆@dTQ174.6@eQ337 | |
| “窑变”与钧瓷意境探微/乔秀强著.-沈阳:辽宁大学出版社,2019.03 |
| 209页;24cm |
| ISBN 978-7-5610-9184-5:CNY48.00 |
| 本书挖掘了钧瓷的渊源, 梳理了钧瓷的流变, 分析了钧瓷釉与乳光、窑变及结构色, 阐释了钧瓷窑变的文化内涵和意义, 研究了钧瓷窑变的艺术特征与影响因素, 提炼了窑变产生的抽象意味, 研究了窑变的美学追求, 通过窑变釉瓷分析了钧瓷的特色。 |
| ● |
| 相关链接 |
|
|
|
正题名:"窑变"与钧瓷意境探微
索取号:TQ174.6/Q337
 
预约/预借
| 序号 | 登录号 | 条形码 | 馆藏地/架位号 | 状态 | 备注 |
| 1 | 1441727 | 214417273 | 自科库501/501自科库 139排9列4层/ [索取号:TQ174.6/Q337] | 在馆 | |
| 2 | 1441728 | 214417282 | 自科库501/501自科库 139排9列4层/ [索取号:TQ174.6/Q337] | 在馆 |